01016nam a2200241 a 450000100100000000500170001000800410002702000150006804000250008308200180010810000420012624000380016824500990020626000390030530000210034453400450036565000310041065000350044170000410047695201210051795201210063899900150075900000343220200929150436.0820225s1977 ag 000 f spa  a0311370217 aDO-SdBNPbspacBNPHU a813.54bJ661s1 aJohnson, James Leonard,d1927-91070310aCode name Sebastian. /lEspañol10aSebastián :bagente secreto /cJames Leonard Johnson; traducción de Francisco Liévano R. aArgentina :bMundo Hispano,c1977. a199 p. ;c18 cm. aTítulo original:tCode name Sebastian. 4aNovela estadounidense9262 4aLiteratura estadounidense92631 aLiévano R., Francisco,etr.910704 001052708MOaGRbGRcHDd2009-07-08iLF1l0o813.54 J661sp3432-10r2020-06-25w2020-06-25y2ZPréstamo interno 001150718MOaGRbGRcMId2017-04-03iLF1l0o813.54 J661sp3432-20r2020-06-25te. 2w2020-06-25y1ZNo se presta c3262d3262